Eurovision Song Contest - Multiple Choice - Statistics

General Stats
  • This quiz has been taken 90 times
    88 since last reset
  • The average score is 16 of 20
Answer Stats
Question Answer % Correct
Which of the following countries has NEVER won the contest? Iceland
96%
Who won the contest in 1980 & 1987 Johnny Logan
96%
Where was the 2024 contest held? Malmo
96%
Who was the first country to win? Switzerland
96%
Ruslana won the contest in 2004 with the song Wild Dances .. but for which country? Ukraine
96%
In which year did the contest start? 1956
92%
Portugal have won the contest only once to date .. but in which year? 2017
92%
Sam Ryder represented the UK with his song Spaceman in 2022, which position did he reach? 2nd
92%
Which of these countries HAS won the contest? Greece
92%
Which North African country entered the contest just once in 1980? Morocco
92%
In which year did Italy last win the contest? 2021
88%
How many times has Sweden won the contest? Seven
83%
Which country won in 2000 the first contest in the new Millennium? Denmark
79%
In which year did Ireland last win the contest? 1996
71%
What links 1988 Swiss entrant Celine Dion and 2001 French entrant Natasha St. Pier? Both French Canadians
71%
Luxembourg returned to the contest in 2024 .. In which year did they last participate before this? 1993
67%
Which singer was the first winner for the United Kingdom? Sandie Shaw
67%
Who represented Spain in 1970? Julio Igelsias
58%
Bosnia-Herzegovina, Croatia & Slovenia all made their debut in the contest in which year? 1993
54%
How many times has the United Kingdom finished second? 16
46%
No matching quizzes found
Score Distribution
Percent of People with Each Score
Percentile by Number Answered
Your Score History
You have not taken this quiz since the last reset